Respuesta al cargo hecho por el Visitador don Andrés de Rueda Rico contra el Senador Luiggi Belcredi sobre una fábrica

Detalles Bibliográficos
Otros Autores: Andrea de Rueda Rico
Formato: Libro
Publicado: Milano, 1633
Materias:
Colección:Banco de datos
Acervo:Biblioteca Palafoxiana. Colección de Manuscritos
Descripción Física:10 f. ; 21 x 31 cm.
Tema general:Eclesiástica
LEADER 00465nam a22001450004500
035 |a 2707 
245 1 0 |a Respuesta al cargo hecho por el Visitador don Andrés de Rueda Rico contra el Senador Luiggi Belcredi sobre una fábrica 
260 |a Milano, 1633 
300 |a 10 f. ; 21 x 31 cm. 
650 1 0 |a Eclesiástica 
700 1 |a Andrea de Rueda Rico 
949 |a R452/001 
942 |c PALAMANU 
943 |g Biblioteca Palafoxiana. Colección de Manuscritos 
999 |c 1070652  |d 1070652